[Event "PNWCC Master Artist Point"]
[Site "chess.com INT"]
[Date "2020.09.05"]
[Round "2.37"]
[White "Ivanov, Mike"]
[Black "Vega, Isaac"]
[Result "1-0"]
[WhiteElo "2195"]
[BlackElo "1735"]
[WhiteFideId "-1"]
[WhiteFideId "-1"]
[PlyCount "69"]
[GameId "2130307593463742"]
[EventDate "2020.09.05"]
[EventType "swiss"]
[EventRounds "9"]
[EventCountry "NET"]
[SourceTitle "The Week in Chess 1349"]
[Source "Mark Crowther"]
[SourceDate "2020.09.14"]
[SourceVersion "2"]
[SourceVersionDate "2020.09.17"]
[SourceQuality "2"]

1. e4 c5 2. Nf3 e6 3. c3 d5 4. e5 Nc6 5. d4 Qb6 6. Bd3 cxd4 7. cxd4 Bd7 8. O-O Nxd4 9. Nbd2 Nxf3+ 10. Nxf3 h6 11. Qe2 Bc5 12. b4 Bf8 13. Be3 Qd8 14. Nd4 Ne7 15. b5 Nc8 16. Qg4 h5 17. Qg3 g6 18. Rac1 Be7 19. f4 O-O 20. Bxg6 Bh4 21. Bxf7+ Kxf7 22. Qf3 Kg6 23. f5+ Rxf5 24. Nxf5 exf5 25. Qxd5 Nb6 26. Qd6+ Kf7 27. Qd3 Be6 28. Rxf5+ Bxf5 29. Qxf5+ Kg8 30. Qg6+ Kh8 31. Qxh5+ Kg8 32. Rd1 Qe7 33. Rd6 Kf8 34. Bh6+ Kg8 35. Rg6+ 1-0

[Event "PNWCC Master Artist Point"]
[Site "chess.com INT"]
[Date "2020.09.05"]
[Round "3.27"]
[White "Sharma, Vishruth"]
[Black "Ivanov, Mike"]
[Result "0-1"]
[WhiteElo "1766"]
[BlackElo "2195"]
[WhiteFideId "-1"]
[WhiteFideId "-1"]
[PlyCount "58"]
[GameId "2130307593467873"]
[EventDate "2020.09.05"]
[EventType "swiss"]
[EventRounds "9"]
[EventCountry "NET"]
[SourceTitle "The Week in Chess 1349"]
[Source "Mark Crowther"]
[SourceDate "2020.09.14"]
[SourceVersion "2"]
[SourceVersionDate "2020.09.17"]
[SourceQuality "2"]

1. e4 e6 2. d4 d5 3. Nc3 Bb4 4. e5 c5 5. a3 Bxc3+ 6. bxc3 Ne7 7. Qg4 cxd4 8. Qxg7 Rg8 9. Qxh7 Nbc6 10. Nf3 Qc7 11. Bf4 Bd7 12. Qd3 Rg4 13. g3 Ng6 14. cxd4 Nxf4 15. gxf4 Rxf4 16. Be2 O-O-O 17. h4 f6 18. exf6 e5 19. dxe5 Nxe5 20. Nxe5 Qxe5 21. Kd2 Rd4 22. h5 Bf5 23. Qxd4 Qxd4+ 24. Bd3 Bxd3 25. cxd3 Qb2+ 26. Ke3 Re8+ 27. Kf3 Qxf6+ 28. Kg2 Rg8+ 29. Kf1 Qxa1+ 0-1

[Event "PNWCC Master Artist Point"]
[Site "chess.com INT"]
[Date "2020.09.06"]
[Round "4.23"]
[White "Ivanov, Mike"]
[Black "Hevia, A."]
[Result "0-1"]
[WhiteElo "2195"]
[BlackElo "2467"]
[WhiteFideId "-1"]
[WhiteFideId "-1"]
[PlyCount "114"]
[GameId "2130307593467903"]
[EventDate "2020.09.05"]
[EventType "swiss"]
[EventRounds "9"]
[EventCountry "NET"]
[SourceTitle "The Week in Chess 1349"]
[Source "Mark Crowther"]
[SourceDate "2020.09.14"]
[SourceVersion "2"]
[SourceVersionDate "2020.09.17"]
[SourceQuality "2"]

1. e4 c5 2. Nf3 a6 3. c3 d5 4. exd5 Qxd5 5. d4 Nf6 6. Be2 e6 7. Be3 cxd4 8. cxd4 Bb4+ 9. Nc3 Nbd7 10. O-O Bxc3 11. bxc3 b5 12. Ne5 Nxe5 13. dxe5 Bb7 14. Qxd5 Nxd5 15. Bd2 Rc8 16. a4 O-O 17. axb5 axb5 18. Ra7 Bc6 19. c4 bxc4 20. Bxc4 Ra8 21. Rxa8 Rxa8 22. Rb1 h6 23. Bd3 g5 24. h4 Ra2 25. Bc1 Nf4 26. Bxf4 gxf4 27. Rb4 f3 28. Be4 Ra1+ 29. Kh2 fxg2 30. Kxg2 Bxe4+ 31. Rxe4 Kh7 32. h5 Kg7 33. Rg4+ Kf8 34. Rf4 Re1 35. Rf6 Rxe5 36. Rf3 Rxh5 37. Ra3 Rg5+ 38. Kh3 Kg7 39. f4 Rg6 40. Ra5 f5 41. Ra6 Kf6 42. Rb6 Rg1 43. Ra6 Rg4 44. Ra4 h5 45. Rb4 Ke7 46. Rd4 Rg1 47. Kh4 Rh1+ 48. Kg3 Re1 49. Rd3 Re4 50. Rf3 Kf6 51. Rf2 e5 52. fxe5+ Kg5 53. Rg2 Rg4+ 54. Kf3 Rxg2 55. Kxg2 Kg6 56. Kg3 Kf7 57. Kf3 Ke6 0-1

[Event "PNWCC Master Artist Point"]
[Site "chess.com INT"]
[Date "2020.09.06"]
[Round "5.24"]
[White "Vokhidov, Shamsiddin"]
[Black "Ivanov, Mike"]
[Result "0-1"]
[WhiteElo "2512"]
[BlackElo "2195"]
[WhiteFideId "-1"]
[WhiteFideId "-1"]
[PlyCount "102"]
[GameId "2130307593472042"]
[EventDate "2020.09.05"]
[EventType "swiss"]
[EventRounds "9"]
[EventCountry "NET"]
[SourceTitle "The Week in Chess 1349"]
[Source "Mark Crowther"]
[SourceDate "2020.09.14"]
[SourceVersion "2"]
[SourceVersionDate "2020.09.17"]
[SourceQuality "2"]

1. e4 e6 2. d4 d5 3. Nd2 Nf6 4. e5 Nfd7 5. Bd3 c5 6. c3 Nc6 7. Ne2 cxd4 8. cxd4 f6 9. exf6 Nxf6 10. Nf3 Bd6 11. O-O Qc7 12. Nc3 a6 13. Bd2 O-O 14. h3 Bd7 15. Re1 Rae8 16. Rc1 Qb8 17. a3 Re7 18. b4 b5 19. Be3 Be8 20. Ne2 a5 21. Ne5 Nxe5 22. dxe5 Bxe5 23. bxa5 Bh2+ 24. Kh1 Bc7 25. Bc5 Bd6 26. Bxd6 Qxd6 27. Nd4 Bd7 28. Qb3 Nh5 29. Rc2 Ref7 30. Kg1 Nf4 31. Bxb5 e5 32. Bxd7 Rxd7 33. Nc6 Qg6 34. f3 Qg3 35. Qe3 Nxh3+ 36. Kh1 d4 37. Qxe5 Nf2+ 38. Kg1 Nh3+ 39. Kh1 Nf2+ 40. Rxf2 Qxf2 41. a6 d3 42. a7 d2 43. Rd1 Qh4+ 44. Kg1 Qa4 45. Qe6+ Kh8 46. Qxd7 Qxd1+ 47. Kh2 Qe1 48. Qd6 Qh4+ 49. Kg1 Qe1+ 50. Kh2 Re8 51. Ne5 d1=Q 0-1

[Event "PNWCC Master Artist Point"]
[Site "chess.com INT"]
[Date "2020.09.06"]
[Round "6.12"]
[White "Ivanov, Mike"]
[Black "Vazquez, Guillermo"]
[Result "0-1"]
[WhiteElo "2195"]
[BlackElo "2527"]
[WhiteFideId "-1"]
[WhiteFideId "-1"]
[PlyCount "208"]
[GameId "2130307593472071"]
[EventDate "2020.09.05"]
[EventType "swiss"]
[EventRounds "9"]
[EventCountry "NET"]
[SourceTitle "The Week in Chess 1349"]
[Source "Mark Crowther"]
[SourceDate "2020.09.14"]
[SourceVersion "2"]
[SourceVersionDate "2020.09.17"]
[SourceQuality "2"]

1. e4 c6 2. Nc3 d5 3. Nf3 Bg4 4. d4 Nf6 5. e5 Nfd7 6. h3 Bxf3 7. Qxf3 e6 8. Bf4 c5 9. dxc5 Nc6 10. Qg3 Qa5 11. Bd2 Nxc5 12. Be2 d4 13. Nb1 Qb6 14. Na3 Ne4 15. Nc4 Nxg3 16. Nxb6 Nxh1 17. Nxa8 Kd7 18. Bb5 Bc5 19. O-O-O Nxf2 20. Rf1 Rxa8 21. Rxf2 Ke7 22. Bxc6 bxc6 23. Rf3 f6 24. Rb3 Rd8 25. a4 Rd7 26. Bf4 Bb6 27. Rg3 Kf7 28. b4 Bc7 29. Rf3 Rd5 30. c4 dxc3 31. Rxc3 Bxe5 32. Bxe5 Rxe5 33. Rxc6 Re4 34. Rc7+ Kg6 35. Rb7 a5 36. bxa5 Rxa4 37. Ra7 Ra2 38. g4 f5 39. Kb1 Ra4 40. Ra6 Kf7 41. gxf5 exf5 42. Kc2 f4 43. Ra7+ Kf6 44. Ra6+ Ke5 45. Ra7 f3 46. Kd2 Kf4 47. Rf7+ Kg3 48. Rxg7+ Kf2 49. Rxh7 Rxa5 50. h4 Rd5+ 51. Kc3 Ke1 52. Re7+ Kf1 53. Rh7 f2 54. h5 Ke2 55. Re7+ Kf3 56. Rf7+ Ke3 57. h6 Rh5 58. Re7+ Kf3 59. Rf7+ Ke3 60. Re7+ Kf3 61. Rf7+ Kg2 62. Rg7+ Kh2 63. Rf7 Kg1 64. Rg7+ Kf1 65. h7 Ke1 66. Re7+ Kd1 67. Rf7 Rh3+ 68. Kd4 Ke2 69. Re7+ Kd2 70. Rf7 Rh4+ 71. Kd5 Ke2 72. Re7+ Kd3 73. Rf7 Rh5+ 74. Kd6 Ke3 75. Kc6 Rxh7 76. Rxh7 f1=Q 77. Re7+ Kd4 78. Rd7+ Kc4 79. Rd6 Qf3+ 80. Kd7 Qf7+ 81. Kc6 Qe8+ 82. Kb6 Qb5+ 83. Kc7 Kc5 84. Rd7 Qa5+ 85. Kb7 Qb6+ 86. Kc8 Qa6+ 87. Kb8 Qa4 88. Kc7 Qa8 89. Re7 Qa7+ 90. Kd8 Qb8+ 91. Kd7 Kd5 92. Rf7 Qb7+ 93. Ke8 Qc8+ 94. Ke7 Ke5 95. Rg7 Qc7+ 96. Kf8 Qd8+ 97. Kf7 Kf5 98. Rh7 Qd7+ 99. Kg8 Qe8+ 100. Kg7 Kg5 101. Rh1 Qe7+ 102. Kg8 Qd8+ 103. Kg7 Qc7+ 104. Kf8 Qc8+ 0-1

[Event "PNWCC Master Artist Point"]
[Site "chess.com INT"]
[Date "2020.09.07"]
[Round "7.20"]
[White "Brodsky, David"]
[Black "Ivanov, Mike"]
[Result "1-0"]
[WhiteElo "2455"]
[BlackElo "2195"]
[WhiteFideId "-1"]
[WhiteFideId "-1"]
[PlyCount "117"]
[GameId "2130307593472106"]
[EventDate "2020.09.05"]
[EventType "swiss"]
[EventRounds "9"]
[EventCountry "NET"]
[SourceTitle "The Week in Chess 1349"]
[Source "Mark Crowther"]
[SourceDate "2020.09.14"]
[SourceVersion "2"]
[SourceVersionDate "2020.09.17"]
[SourceQuality "2"]

1. e4 e6 2. d4 d5 3. Nd2 Nf6 4. e5 Nfd7 5. Bd3 c5 6. c3 Nc6 7. Ne2 cxd4 8. cxd4 f6 9. exf6 Nxf6 10. Nf3 Bd6 11. O-O Qc7 12. Ng3 Bd7 13. Be3 O-O 14. Rc1 Rae8 15. Re1 Qb8 16. Bb1 Re7 17. a3 b5 18. Bg5 Be8 19. Rc3 h6 20. Bd2 Qb6 21. Be3 b4 22. Rc2 bxa3 23. bxa3 Bxg3 24. hxg3 Ne4 25. Ne5 Qa6 26. Rxc6 Bxc6 27. Ng6 Ref7 28. Nxf8 Rxf8 29. Qg4 Qa5 30. Qxe6+ Kh8 31. Rc1 Ba4 32. Bxe4 dxe4 33. Qxe4 Bb3 34. Qe7 Rf7 35. Qe8+ Kh7 36. Bf4 Qxa3 37. Qe4+ g6 38. Qe3 g5 39. Qe4+ Kg8 40. Qg6+ Kf8 41. Rc8+ Ke7 42. Rc7+ Ke8 43. Qc6+ Kf8 44. Qxh6+ Ke8 45. Qh8+ Rf8 46. Rc8+ Kd7 47. Rxf8 gxf4 48. Qg7+ Kc6 49. Rf6+ Kd5 50. Qf7+ Ke4 51. Rxf4+ Kd3 52. Rf3+ Kc2 53. Qxb3+ Qxb3 54. Rxb3 Kxb3 55. d5 a5 56. d6 a4 57. d7 a3 58. d8=Q a2 59. Qd4 1-0

[Event "PNWCC Master Artist Point"]
[Site "chess.com INT"]
[Date "2020.09.07"]
[Round "8.35"]
[White "Ivanov, Mike"]
[Black "Zhang, Samuel"]
[Result "1-0"]
[WhiteElo "2195"]
[BlackElo "2033"]
[WhiteFideId "-1"]
[WhiteFideId "-1"]
[PlyCount "47"]
[GameId "2130307593476254"]
[EventDate "2020.09.05"]
[EventType "swiss"]
[EventRounds "9"]
[EventCountry "NET"]
[SourceTitle "The Week in Chess 1349"]
[Source "Mark Crowther"]
[SourceDate "2020.09.14"]
[SourceVersion "2"]
[SourceVersionDate "2020.09.17"]
[SourceQuality "2"]

1. e4 c5 2. Nf3 d6 3. d4 cxd4 4. Qxd4 a6 5. Be3 Nc6 6. Qd2 Nf6 7. Nc3 e6 8. O-O-O Be7 9. Bf4 e5 10. Bg5 Be6 11. Bxf6 gxf6 12. Nd5 Bf8 13. Nh4 Rc8 14. Kb1 b5 15. Nf5 Bxf5 16. exf5 Nd4 17. Bd3 Rc5 18. Be4 a5 19. c3 Nc6 20. b4 axb4 21. cxb4 Rc4 22. Bd3 Nd4 23. Bxc4 bxc4 24. Rhe1 1-0

[Event "PNWCC Master Artist Point"]
[Site "chess.com INT"]
[Date "2020.09.07"]
[Round "9.22"]
[White "Wheeler, Cameron"]
[Black "Ivanov, Mike"]
[Result "1/2-1/2"]
[WhiteElo "2398"]
[BlackElo "2195"]
[WhiteFideId "-1"]
[WhiteFideId "-1"]
[PlyCount "59"]
[GameId "2130307593476284"]
[EventDate "2020.09.05"]
[EventType "swiss"]
[EventRounds "9"]
[EventCountry "NET"]
[SourceTitle "The Week in Chess 1349"]
[Source "Mark Crowther"]
[SourceDate "2020.09.14"]
[SourceVersion "2"]
[SourceVersionDate "2020.09.17"]
[SourceQuality "2"]

1. d4 Nf6 2. c4 e6 3. g3 c5 4. d5 exd5 5. cxd5 d6 6. Nc3 g6 7. Bg2 Bg7 8. Nf3 O-O 9. O-O a6 10. a4 Re8 11. Bf4 h6 12. Qc1 g5 13. Bd2 Bf5 14. h4 g4 15. Nh2 Kh7 16. f3 gxf3 17. Rxf3 Bg6 18. g4 h5 19. gxh5 Nxh5 20. Bg5 f6 21. Bf4 Qc7 22. e4 Nd7 23. Ng4 Rg8 24. Qd2 Nxf4 25. Qxf4 Ne5 26. Rh3 Bh5 27. Qf5+ Bg6 28. Qf4 Bh5 29. Qf5+ Bg6 30. Qf4 1/2-1/2

[Event "Heraklion op"]
[Site "Heraklion GRE"]
[Date "2019.09.06"]
[Round "5.2"]
[White "Ivanov, Mike"]
[Black "Levin, Evgeny"]
[Result "0-1"]
[WhiteElo "2177"]
[BlackElo "2511"]
[WhiteFideId "-1"]
[WhiteFideId "-1"]
[PlyCount "126"]
[GameId "2130307603294134"]
[EventDate "2019.09.01"]
[EventType "swiss"]
[EventRounds "9"]
[EventCountry "GRE"]
[SourceTitle "10 Days #591"]
[Source "ChessMix"]
[SourceDate "2019.09.20"]
[SourceVersion "1"]
[SourceVersionDate "2019.09.20"]
[SourceQuality "1"]

1. e4 c5 2. Nc3 e6 3. Nge2 a6 4. a4 Nc6 5. g3 Nf6 6. Bg2 Be7 7. O-O O-O 8. h3 Rb8 9. f4 d5 10. d3 b5 11. axb5 axb5 12. g4 b4 13. Nb1 dxe4 14. dxe4 Qb6 15. g5 Rd8 16. Qe1 Nd7 17. f5 Ba6 18. f6 Bf8 19. Bf4 Nde5 20. Nd2 Rb7 21. Nf3 Nxf3+ 22. Bxf3 Rbd7 23. Rf2 Nd4 24. Nxd4 cxd4 25. Kh1 Bb7 26. Bd2 d3 27. c3 Rc8 28. cxb4 Rc2 29. Qe3 Qxe3 30. Bxe3 Rxf2 31. Bxf2 d2 32. b5 Bxe4 33. Bxe4 d1=Q+ 34. Rxd1 Rxd1+ 35. Kg2 Rd2 36. Kf3 Rxb2 37. b6 Rb3+ 38. Kg2 gxf6 39. gxf6 Bd6 40. b7 Bb8 41. Bf3 Rb4 42. Be3 h5 43. Bc5 Rc4 44. Bf2 h4 45. Bg4 Rb4 46. Bxh4 Rxb7 47. Bg5 Rb3 48. Kf2 Bg3+ 49. Kg2 Be5 50. Kf2 Bd4+ 51. Ke2 Kh7 52. Bh5 Rb5 53. h4 Bxf6 54. Bxf7 Bxg5 55. hxg5 Rxg5 56. Kd3 Re5 57. Kd4 Re1 58. Be8 Kh6 59. Bc6 Kg5 60. Kd3 Kf4 61. Kd2 Re3 62. Bb5 e5 63. Be8 Kf3 0-1

[Event "Heraklion op"]
[Site "Heraklion GRE"]
[Date "2019.09.09"]
[Round "8.6"]
[White "Kotsinis, Alexandros"]
[Black "Ivanov, Mike"]
[Result "0-1"]
[WhiteElo "1951"]
[BlackElo "2177"]
[WhiteFideId "-1"]
[WhiteFideId "-1"]
[PlyCount "74"]
[GameId "2130307603298289"]
[EventDate "2019.09.01"]
[EventType "swiss"]
[EventRounds "9"]
[EventCountry "GRE"]
[SourceTitle "10 Days #591"]
[Source "ChessMix"]
[SourceDate "2019.09.20"]
[SourceVersion "1"]
[SourceVersionDate "2019.09.20"]
[SourceQuality "1"]

1. c4 e5 2. Nc3 f5 3. e3 Nf6 4. d4 d6 5. dxe5 dxe5 6. Qxd8+ Kxd8 7. b3 Be6 8. Bb2 Nbd7 9. Nf3 c6 10. Be2 Kc7 11. O-O Re8 12. a3 Bf7 13. Rfd1 Rg8 14. Ng5 Bg6 15. b4 e4 16. b5 h6 17. Nh3 Bf7 18. bxc6 bxc6 19. Na4 Bd6 20. Bc3 Be5 21. Ba5+ Kb7 22. Rab1+ Ka8 23. f4 exf3 24. Bxf3 Rc8 25. Rb4 g5 26. g3 g4 27. Bh1 gxh3 28. Rdb1 Ne4 29. Nb6+ Nxb6 30. Bxb6 axb6 31. Rxb6 Rc7 32. Rf1 Be6 33. Ra6+ Kb7 34. Ra5 Bc3 35. Ra4 Nc5 36. Rb1+ Kc8 37. Ra8+ Kd7 0-1

[Event "Markham op"]
[Site "Markham CAN"]
[Date "2018.10.05"]
[Round "1"]
[White "Chen, Max"]
[Black "Ivanov, Mike"]
[Result "0-1"]
[WhiteElo "2117"]
[BlackElo "2357"]
[WhiteFideId "-1"]
[WhiteFideId "-1"]
[PlyCount "56"]
[GameId "2160767908093856"]
[EventDate "2018.10.05"]
[EventType "swiss"]
[EventRounds "5"]
[EventCountry "CAN"]
[SourceTitle "EXT 2022"]
[Source "ChessBase"]
[SourceDate "2021.10.06"]
[SourceVersion "1"]
[SourceVersionDate "2021.10.06"]
[SourceQuality "1"]

1. e4 Nc6 2. d4 d5 3. e5 Bf5 4. c3 Qd7 5. Nf3 f6 6. Bf4 g5 7. Bg3 h5 8. h4 g4 9. Ng1 fxe5 10. dxe5 d4 11. cxd4 Nxd4 12. Bd3 O-O-O 13. Bxf5 Qxf5 14. Na3 Nf3+ 15. Nxf3 Rxd1+ 16. Rxd1 gxf3 17. O-O fxg2 18. Kxg2 e6 19. Nb5 Bc5 20. Rd2 a6 21. Rc1 axb5 22. Rxc5 c6 23. Rd4 Ne7 24. a4 bxa4 25. Rf4 Qh7 26. Rf6 Qe4+ 27. Kh2 Rd8 28. Rc1 Nf5 0-1

[Event "Markham op"]
[Site "Markham CAN"]
[Date "2018.10.07"]
[Round "4"]
[White "Song, Michael"]
[Black "Ivanov, Mike"]
[Result "1/2-1/2"]
[WhiteElo "2539"]
[BlackElo "2357"]
[WhiteFideId "-1"]
[WhiteFideId "-1"]
[PlyCount "88"]
[GameId "2160767908093875"]
[EventDate "2018.10.05"]
[EventType "swiss"]
[EventRounds "5"]
[EventCountry "CAN"]
[SourceTitle "EXT 2022"]
[Source "ChessBase"]
[SourceDate "2021.10.06"]
[SourceVersion "1"]
[SourceVersionDate "2021.10.06"]
[SourceQuality "1"]

1. b3 e5 2. Bb2 Nc6 3. e3 Nf6 4. c4 Bd6 5. d3 O-O 6. a3 Ne7 7. Nf3 Ng6 8. h4 Re8 9. h5 Nf8 10. h6 g6 11. Nbd2 c5 12. Be2 Bc7 13. b4 cxb4 14. axb4 d5 15. cxd5 Nxd5 16. b5 f6 17. Kf1 Be6 18. Ne4 Bb6 19. Qd2 Rc8 20. Bd1 Bf7 21. Kg1 Ne6 22. Bb3 Nc5 23. Nxc5 Bxc5 24. Qd1 Bb6 25. d4 e4 26. Nd2 Nc3 27. Bxc3 Rxc3 28. Ra3 Bxb3 29. Rxb3 Rc7 30. g3 Qd5 31. Kg2 f5 32. Rb2 Rec8 33. Qa4 Rc3 34. Ra1 Kf7 35. Nb3 f4 36. gxf4 Qh5 37. Nd2 Qg4+ 38. Kh1 R8c5 39. dxc5 Rxc5 40. Qc4+ Rxc4 41. Nxc4 Qh4+ 42. Kg2 Qg4+ 43. Kh2 Qh4+ 44. Kg2 Qg4+ 1/2-1/2

[Event "Markham op"]
[Site "Markham CAN"]
[Date "2018.10.07"]
[Round "5"]
[White "Ivanov, Mike"]
[Black "Hua, Eugene"]
[Result "1/2-1/2"]
[WhiteElo "2367"]
[BlackElo "2428"]
[WhiteFideId "-1"]
[WhiteFideId "-1"]
[PlyCount "77"]
[GameId "2160767908093878"]
[EventDate "2018.10.05"]
[EventType "swiss"]
[EventRounds "5"]
[EventCountry "CAN"]
[SourceTitle "EXT 2022"]
[Source "ChessBase"]
[SourceDate "2021.10.06"]
[SourceVersion "1"]
[SourceVersionDate "2021.10.06"]
[SourceQuality "1"]

1. e4 c5 2. Nc3 Nc6 3. Bb5 Nd4 4. Ba4 a6 5. Bb3 g6 6. Nge2 Bg7 7. Nxd4 cxd4 8. Qf3 e6 9. Ne2 Ne7 10. h4 h6 11. h5 g5 12. Qg3 d5 13. d3 dxe4 14. dxe4 Qa5+ 15. Bd2 Qe5 16. Qd3 Bd7 17. c3 Bb5 18. Qxd4 Nc6 19. Qe3 a5 20. Rb1 a4 21. c4 axb3 22. Bc3 bxa2 23. Ra1 Bxc4 24. Bxe5 Bxe5 25. O-O Bxb2 26. f4 Nd4 27. Nxd4 Bxf1 28. Nc2 Bc4 29. Qc5 Bd3 30. Re1 gxf4 31. Rd1 a1=Q 32. Nxa1 Rxa1 33. Rxa1 Bxa1 34. e5 Kd7 35. Qd6+ Kc8 36. Qc5+ Kb8 37. Qd6+ Kc8 38. Qc5+ Kb8 39. Qd6+ 1/2-1/2

[Event "Montreal Hivernale"]
[Site "Montreal CAN"]
[Date "2018.01.02"]
[Round "1"]
[White "Rodrigue-Lemieux, Shawn"]
[Black "Ivanov, Mike"]
[Result "0-1"]
[WhiteElo "2081"]
[BlackElo "2248"]
[WhiteFideId "-1"]
[WhiteFideId "-1"]
[PlyCount "108"]
[GameId "2160767908283745"]
[EventDate "2018.01.02"]
[EventType "tourn"]
[EventRounds "7"]
[EventCountry "CAN"]
[EventCategory "1"]
[SourceTitle "CBM 182 Extra"]
[Source "ChessBase"]
[SourceDate "2018.02.23"]
[SourceVersion "1"]
[SourceVersionDate "2018.02.23"]
[SourceQuality "1"]

1. e4 g6 2. d4 Bg7 3. Nf3 c6 4. Bd3 d5 5. Nbd2 Nh6 6. O-O O-O 7. Re1 Na6 8. Bxa6 bxa6 9. e5 f6 10. Nb3 Nf7 11. Bf4 g5 12. Bg3 h6 13. Qd3 f5 14. e6 Nh8 15. h4 g4 16. Ne5 f4 17. Bh2 Qe8 18. Nxg4 Ng6 19. f3 Nxh4 20. c3 h5 21. Nf2 Rf6 22. Nh3 Bxe6 23. Nxf4 Bf7 24. Re2 Bh6 25. Nh3 Be6 26. f4 Qg6 27. Qxg6+ Rxg6 28. Ng5 Bxg5 29. fxg5 Bg4 30. Rxe7 Rxg5 31. Bf4 Rg6 32. Re3 Rf8 33. Be5 Bf3 34. g3 Be4 35. Rf1 Nf3+ 36. Rexf3 Bxf3 37. Kh2 h4 38. gxh4 Rg2+ 39. Kh3 Be4 40. Rxf8+ Kxf8 41. Bd6+ Kg7 42. Ba3 Kg6 43. Nc5 Rg1 44. Kh2 Rg4 45. Nd7 Kf5 46. Ne5 Rg2+ 47. Kh3 c5 48. Bxc5 Rxb2 49. Ng4 Rxa2 50. Bxa7 a5 51. Bb8 a4 52. Ne3+ Kg6 53. c4 a3 54. cxd5 Re2 0-1

[Event "Montreal Hivernale"]
[Site "Montreal CAN"]
[Date "2018.01.03"]
[Round "3"]
[White "Yu, Zong Yang"]
[Black "Ivanov, Mike"]
[Result "1/2-1/2"]
[WhiteElo "2392"]
[BlackElo "2248"]
[WhiteFideId "-1"]
[WhiteFideId "-1"]
[PlyCount "62"]
[GameId "2160767908283755"]
[EventDate "2018.01.02"]
[EventType "tourn"]
[EventRounds "7"]
[EventCountry "CAN"]
[EventCategory "1"]
[SourceTitle "CBM 182 Extra"]
[Source "ChessBase"]
[SourceDate "2018.02.23"]
[SourceVersion "1"]
[SourceVersionDate "2018.02.23"]
[SourceQuality "1"]

1. d4 Nf6 2. c4 c5 3. Nf3 cxd4 4. Nxd4 e5 5. Nb5 d5 6. cxd5 Bc5 7. e3 O-O 8. N5c3 Qe7 9. Be2 e4 10. Nd2 Rd8 11. b3 Nxd5 12. Nxd5 Rxd5 13. Qc2 Bf5 14. a3 Nc6 15. Bb2 Rad8 16. Qc3 Qf8 17. Nf1 Be7 18. Ng3 Bg6 19. Qc2 Ne5 20. Bxe5 Rxe5 21. O-O Rc5 22. Qa2 Rcd5 23. a4 Rd2 24. Qb1 Bf6 25. Ra2 Qb4 26. Rxd2 Rxd2 27. Rd1 Rb2 28. Qxb2 Bxb2 29. Rd8+ Qf8 30. Rxf8+ Kxf8 31. Bc4 Be5 1/2-1/2

[Event "Montreal Hivernale"]
[Site "Montreal CAN"]
[Date "2018.01.04"]
[Round "4"]
[White "Ivanov, Mike"]
[Black "Hua, Eugene"]
[Result "0-1"]
[WhiteElo "2248"]
[BlackElo "2254"]
[WhiteFideId "-1"]
[WhiteFideId "-1"]
[PlyCount "60"]
[GameId "2160767908283756"]
[EventDate "2018.01.02"]
[EventType "tourn"]
[EventRounds "7"]
[EventCountry "CAN"]
[EventCategory "1"]
[SourceTitle "CBM 182 Extra"]
[Source "ChessBase"]
[SourceDate "2018.02.23"]
[SourceVersion "1"]
[SourceVersionDate "2018.02.23"]
[SourceQuality "1"]

1. e4 c5 2. Nf3 e6 3. d4 cxd4 4. Nxd4 Nc6 5. Nc3 Qc7 6. f4 a6 7. Nxc6 bxc6 8. e5 d5 9. exd6 Bxd6 10. Qg4 Ne7 11. Ne4 O-O 12. Nxd6 Qxd6 13. Bd3 e5 14. fxe5 Qxd3 15. Qb4 Qd7 16. Bd2 Nd5 17. Qc5 Qe7 18. Qd4 Be6 19. O-O-O c5 20. Qe4 c4 21. c3 Rab8 22. Rhf1 Rb5 23. Kc2 Qb7 24. Rde1 Rxb2+ 25. Kd1 Rb1+ 26. Qxb1 Qxb1+ 27. Ke2 Qd3+ 28. Kf2 Qxd2+ 29. Re2 Qf4+ 30. Kg1 Qg4 0-1

[Event "Montreal Hivernale"]
[Site "Montreal CAN"]
[Date "2018.01.04"]
[Round "5"]
[White "Masse, Hugues"]
[Black "Ivanov, Mike"]
[Result "1-0"]
[WhiteElo "2129"]
[BlackElo "2248"]
[WhiteFideId "-1"]
[WhiteFideId "-1"]
[PlyCount "85"]
[GameId "2160767908283762"]
[EventDate "2018.01.02"]
[EventType "tourn"]
[EventRounds "7"]
[EventCountry "CAN"]
[EventCategory "1"]
[SourceTitle "CBM 182 Extra"]
[Source "ChessBase"]
[SourceDate "2018.02.23"]
[SourceVersion "1"]
[SourceVersionDate "2018.02.23"]
[SourceQuality "1"]

1. e4 g6 2. d4 Bg7 3. Nc3 c6 4. Bc4 b5 5. Bb3 a5 6. a3 d6 7. Qf3 e6 8. Nge2 Ba6 9. Be3 Nd7 10. O-O Ne7 11. Rfe1 O-O 12. Rad1 b4 13. axb4 axb4 14. Nb1 d5 15. Nd2 Qb6 16. c4 bxc3 17. bxc3 dxe4 18. Qxe4 Nd5 19. Bc4 N7f6 20. Qf3 Nxe3 21. fxe3 Bb7 22. Rb1 Qa7 23. Rb2 Rab8 24. Ra2 Qb6 25. Rb1 Qc7 26. Ra7 Qc8 27. Qg3 c5 28. dxc5 Nd7 29. Nd4 Nxc5 30. Rb4 Rd8 31. N2f3 Ne4 32. Qxb8 Qxb8 33. Rbxb7 Qc8 34. Rc7 Qb8 35. Rab7 Qa8 36. Ra7 Qb8 37. Rcb7 Qc8 38. Rxf7 Bxd4 39. exd4 Nf6 40. Ne5 Rf8 41. Rfe7 Qb8 42. Bxe6+ Kh8 43. Rxh7+ 1-0

[Event "Montreal Hivernale"]
[Site "Montreal CAN"]
[Date "2018.01.05"]
[Round "6"]
[White "Ivanov, Mike"]
[Black "Sai, Krishna GV"]
[Result "0-1"]
[WhiteElo "2248"]
[BlackElo "2370"]
[WhiteFideId "-1"]
[WhiteFideId "-1"]
[PlyCount "66"]
[GameId "2160767908283764"]
[EventDate "2018.01.02"]
[EventType "tourn"]
[EventRounds "7"]
[EventCountry "CAN"]
[EventCategory "1"]
[SourceTitle "CBM 182 Extra"]
[Source "ChessBase"]
[SourceDate "2018.02.23"]
[SourceVersion "1"]
[SourceVersionDate "2018.02.23"]
[SourceQuality "1"]

1. e4 e5 2. f4 Bc5 3. Nf3 d6 4. c3 Bb6 5. d4 exd4 6. cxd4 Nf6 7. Nc3 O-O 8. e5 dxe5 9. fxe5 Nc6 10. Be3 Bg4 11. Qd2 Nd5 12. Bf2 Ndb4 13. O-O-O Bf5 14. g4 Bg6 15. Nh4 Qd5 16. Nxg6 Nxa2+ 17. Nxa2 hxg6 18. Nc3 Qxh1 19. Qf4 Rad8 20. Bh3 Nb4 21. Qg3 Qc6 22. Kb1 Qc4 23. g5 Bxd4 24. Bxd4 Rxd4 25. Rxd4 Qxd4 26. e6 Re8 27. exf7+ Kxf7 28. Bf1 Kg8 29. b3 Re3 30. Bc4+ Kh7 31. Qxc7 Rxc3 32. Qc8 Qd1+ 33. Kb2 Qc1# 0-1